1160 1666 1587 1537 1317 1872 1394 1419 1030 1403 1467 1704 1754 1412 1578 1186 1475 1853 1178 2000 1892 1992 1229 2000 1541 1764 1655 1710 1955 1211 1280 1271 1249 1819 1513 1924 1690 1689 1325 1177 1090 1874 1410 1155 1706 1897 1764 1742 1290 1442 1378 1208 1281 1987 1586 1472 1104 1422 1931 1879 1944 1623 1942 1721 1925 1035 1528 1371 1141 1415 1520 1403 1233 1139 1403 1800 1792 1054 1787 1965 1938 1014 1244 1274 1742 1112 1576 1887 1342 1973 1043 1092 1193 1568 1922 1692 1533 1325 1091 BCNSPRNW ULIB Ver.6.0+V

เปลี่ยนเป็นภาษาไทย

Change to English
 แสดงรายละเอียดบรรณานุกรม
  กลับหน้าหลัก

Brief Record : Get Marc (ISO 2709) : E-mail record : QR code < ปิดหน้าต่าง
LEADER : 00000nam 2200000uu 4500
001    13399113632
003     ULIB
008    110824s2550||||th 000 0 tha d
020    9786115200092
090    นว.^bล965ค 2550
100 0  โลรี, พีดีไอ
245 00 ความลับแห่งกุหลาบ = Secrets of the rose/^cโลรี, พีดีไอ
250    พิมพ์ครั้งที่ 1
260    กรุงเทพฯ :^b1168พับลิชชิ่ง,^c2550
300    446 หน้า
710 1  1168พับลิชชิ่ง
945    ^p245^l0^i021011
995    ทศพร
999     ^aใช้งานได้ทุกระบบ
รายการนี้ยังไม่มีแท็ก
คุณยังไม่ได้ล็อกอิน คุณสามารถมีกิจกรรมร่วมกับเว็บไซต์ได้ แต่ต้องล็อกอินก่อน ::
  ล็อกอิน

รายการสื่อสารสนเทศ

ลำดับที่ ประเภท เลขเรียก/บาร์โค้ด สถานที่ สถานะ
1. นวนิยาย
นวนิยาย
นว. ล965ค 2550 ฉ.1 
  Barcode: 021011
ห้องสมุดวิทยาเขตสวรรค์ประชารักษ์
►นวนิยาย
บนชั้น
  ขอยืม

BibComment


ยังไม่เคยถูกคอมเมนท์

คอมเมนท์ทรัพยากรรายการนี้
  คอมเมนท์: ความลับแห่งกุหลาบ..


 Copyright 2026. Bcnsprnw @Library